| 000 | 15644cas a22023417a 4500 | ||
|---|---|---|---|
| 003 | CHAP | ||
| 005 | 20220329143424.0 | ||
| 008 | 001017 - pernn 0 b1Eng d | ||
| 010 | _a96356 | ||
| 011 | _a97328 | ||
| 022 | _a1871-1413 | ||
| 035 | _a107992 | ||
| 040 | _cCHAP | ||
| 245 | 0 | 0 | _aLivestock Science |
| 260 | 0 |
_aAmsterdam: _bElsevier _c2006- |
|
| 300 | _av. | ||
| 310 | _a21 núm. por año | ||
| 362 | 0 | _av.99 n.1,2006 | |
| 590 |
_aBATCH-UPD _b10 _c20130110 _lUCH01 _h0757 |
||
| 590 |
_aBATCH-UPD _b10 _c20130410 _lUCH01 _h0436 |
||
| 590 |
_aBATCH-UPD _b10 _c20130914 _lUCH01 _h1504 |
||
| 590 |
_aCONVERSION _b10 _c20130109 _lUCH01 _h1353 |
||
| 650 | 1 | 4 |
_aGanadería _xPublicaciones periódicas. _944837 |
| 780 | _tLivestock Production Science | ||
| 852 | 2 |
_yISSUE _d2012-12-17 _503 |
|
| 852 | 2 |
_yISSUE _d2012-12-17 _503 |
|
| 852 | 2 |
_yISSUE _d2012-12-17 _503 |
|
| 852 | 2 |
_yISSUE _d2012-12-17 _503 |
|
| 852 | 2 |
_yISSUE _d2012-12-17 _503 |
|
| 852 | 2 |
_yISSUE _d2012-12-17 _503 |
|
| 852 | 2 |
_yISSUE _d2012-12-17 _503 |
|
| 852 | 2 |
_yISSUE _d2012-12-17 _503 |
|
| 852 | 2 |
_yISSUE _d2012-12-17 _503 |
|
| 852 | 2 |
_yISSUE _d2012-12-17 _503 |
|
| 852 | 2 |
_yISSUE _d2012-12-17 _503 |
|
| 852 | 2 |
_yISSUE _d2012-12-17 _503 |
|
| 852 | 2 |
_yISSUE _d2012-12-17 _503 |
|
| 852 | 2 |
_yISSUE _d2012-12-17 _503 |
|
| 852 | 2 |
_yISSUE _d2012-12-17 _503 |
|
| 852 | 2 |
_yISSUE _d2012-12-17 _503 |
|
| 852 | 2 |
_yISSUE _d2012-12-17 _503 |
|
| 852 | 2 |
_yISSUE _d2012-12-17 _503 |
|
| 852 | 2 |
_yISSUE _d2012-12-17 _503 |
|
| 852 | 2 |
_yISSUE _d2012-12-17 _503 |
|
| 852 | 2 |
_yISSUE _d2012-12-17 _503 |
|
| 852 | 2 |
_yISSUE _d2012-12-17 _503 |
|
| 852 | 2 |
_yISSUE _d2012-12-17 _503 |
|
| 852 | 2 |
_yISSUE _d2012-12-17 _503 |
|
| 852 | 2 |
_yISSUE _d2012-12-17 _503 |
|
| 852 | 2 |
_yISSUE _d2012-12-17 _503 |
|
| 852 | 2 |
_yISSUE _d2012-12-17 _503 |
|
| 852 | 2 |
_yISSUE _d2012-12-17 _503 |
|
| 852 | 2 |
_yISSUE _d2012-12-17 _503 |
|
| 852 | 2 |
_yISSUE _d2012-12-17 _503 |
|
| 852 | 2 |
_yISSUE _d2012-12-17 _503 |
|
| 852 | 2 |
_yISSUE _d2012-12-17 _503 |
|
| 852 | 2 |
_yISSUE _d2012-12-17 _503 |
|
| 852 | 2 |
_yISSUE _d2012-12-17 _503 |
|
| 852 | 2 |
_yISSUE _d2012-12-17 _503 |
|
| 852 | 2 |
_yISSUE _d2012-12-17 _503 |
|
| 852 | 2 |
_yISSUE _d2012-12-17 _503 |
|
| 852 | 2 |
_yISSUE _d2012-12-17 _503 |
|
| 852 | 2 |
_yISSUE _d2012-12-17 _503 |
|
| 852 | 2 |
_yISSUE _d2012-12-17 _503 |
|
| 852 | 2 |
_yISSUE _d2012-12-17 _503 |
|
| 852 | 2 |
_yISSUE _d2012-12-17 _503 |
|
| 852 | 2 |
_yISSUE _d2012-12-17 _503 |
|
| 852 | 2 |
_yISSUE _d2012-12-17 _503 |
|
| 852 | 2 |
_yISSUE _d2012-12-17 _503 |
|
| 852 | 2 |
_yISSUE _d2012-12-17 _503 |
|
| 852 | 2 |
_yISSUE _d2012-12-17 _503 |
|
| 852 | 2 |
_yISSUE _d2012-12-17 _503 |
|
| 852 | 2 |
_yISSUE _d2012-12-17 _503 |
|
| 852 | 2 |
_yISSUE _d2012-12-17 _503 |
|
| 852 | 2 |
_yISSUE _d2012-12-17 _503 |
|
| 852 | 2 |
_yISSUE _d2012-12-17 _503 |
|
| 852 | 2 |
_yISSUE _d2012-12-17 _503 |
|
| 852 | 2 |
_yISSUE _d2012-12-17 _503 |
|
| 852 | 2 |
_yISSUE _d2012-12-17 _503 |
|
| 852 | 2 |
_yISSUE _d2012-12-17 _503 |
|
| 852 | 2 |
_yISSUE _d2012-12-17 _503 |
|
| 852 | 2 |
_yISSUE _d2012-12-17 _503 |
|
| 852 | 2 |
_yISSUE _d2012-12-17 _503 |
|
| 852 | 2 |
_yISSUE _d2012-12-17 _503 |
|
| 852 | 2 |
_yISSUE _d2012-12-17 _503 |
|
| 852 | 2 |
_yISSUE _d2012-12-17 _503 |
|
| 852 | 2 |
_yISSUE _d2012-12-17 _503 |
|
| 852 | 2 |
_yISSUE _d2012-12-17 _503 |
|
| 852 | 2 |
_yISSUE _d2012-12-17 _503 |
|
| 852 | 2 |
_yISSUE _d2012-12-17 _503 |
|
| 852 | 2 |
_yISSUE _d2012-12-17 _503 |
|
| 852 | 2 |
_yISSUE _d2012-12-17 _503 |
|
| 852 | 2 |
_yISSUE _d2012-12-17 _503 |
|
| 852 | 2 |
_yISSUE _d2012-12-17 _503 |
|
| 852 | 2 |
_yISSUE _d2012-12-17 _503 |
|
| 852 | 2 |
_yISSUE _d2012-12-17 _503 |
|
| 852 | 2 |
_yISSUE _d2012-12-17 _503 |
|
| 852 | 2 |
_yISSUE _d2012-12-17 _503 |
|
| 852 | 2 |
_yISSUE _d2012-12-17 _503 |
|
| 852 | 2 |
_yISSUE _d2012-12-17 _503 |
|
| 852 | 2 |
_yISSUE _d2012-12-17 _503 |
|
| 852 | 2 |
_yISSUE _d2012-12-17 _503 |
|
| 852 | 2 |
_yISSUE _d2012-12-17 _503 |
|
| 852 | 2 |
_yISSUE _d2012-12-17 _503 |
|
| 852 | 2 |
_yISSUE _d2012-12-17 _503 |
|
| 852 | 2 |
_yISSUE _d2012-12-17 _503 |
|
| 852 | 2 |
_yISSUE _d2012-12-17 _503 |
|
| 852 | 2 |
_yISSUE _d2012-12-17 _503 |
|
| 866 | _av. 126 n. 1 (2009) - v. 126 n. 3 (2009) | ||
| 866 | _av. 99 n. 1 (2006) - v. 125 n. 3 (2009) | ||
| 901 | _aSE | ||
| 905 | _aAraceli Hernández Gómez. | ||
| 942 | _cISSUE | ||
| 949 |
_bBC _cPS _d202963 _ePS _fv. 99 n. 1 ( 2006) _i107992 _j99 _sn |
||
| 949 |
_bBC _cPS _d202964 _ePS _fv. 99 n. 2 ( 2006) _i107992 _j99 _sn |
||
| 949 |
_bBC _cPS _d202965 _ePS _fv. 99 n. 3 ( 2006) _i107992 _j99 _sn |
||
| 949 |
_bBC _cPS _d202966 _ePS _fv. 100 n. 1 ( 2006) _i107992 _j100 _sn |
||
| 949 |
_bBC _cPS _d202967 _ePS _fv. 100 n. 2 ( 2006) _i107992 _j100 _sn |
||
| 949 |
_bBC _cPS _d202968 _ePS _fv. 100 n. 3 ( 2006) _i107992 _j100 _sn |
||
| 949 |
_bBC _cPS _d202969 _ePS _fv. 101 n. 1 ( 2006) _i107992 _j101 _sn |
||
| 949 |
_bBC _cPS _d202970 _ePS _fv. 101 n. 2 ( 2006) _i107992 _j101 _sn |
||
| 949 |
_bBC _cPS _d202971 _ePS _fv. 101 n. 3 ( 2006) _i107992 _j101 _sn |
||
| 949 |
_bBC _cPS _d202972 _ePS _fv. 102 n. 1 ( 2006) _i107992 _j102 _sn |
||
| 949 |
_bBC _cPS _d202973 _ePS _fv. 102 n. 2 ( 2006) _i107992 _j102 _sn |
||
| 949 |
_bBC _cPS _d202974 _ePS _fv. 102 n. 3 ( 2006) _i107992 _j102 _sn |
||
| 949 |
_bBC _cPS _d202975 _ePS _fv. 103 n. 1 ( 2006) _i107992 _j103 _sn |
||
| 949 |
_bBC _cPS _d202976 _ePS _fv. 103 n. 2 ( 2006) _i107992 _j103 _sn |
||
| 949 |
_bBC _cPS _d202977 _ePS _fv. 103 n. 3 ( 2006) _i107992 _j103 _sn |
||
| 949 |
_bBC _cPS _d202978 _ePS _fv. 104 n. 1 ( 2006) _i107992 _j104 _sn |
||
| 949 |
_bBC _cPS _d202979 _ePS _fv. 104 n. 2 ( 2006) _i107992 _j104 _sn |
||
| 949 |
_bBC _cPS _d202980 _ePS _fv. 104 n. 3 ( 2006) _i107992 _j104 _sn |
||
| 949 |
_bBC _cPS _d202981 _ePS _fv. 105 n. 1 ( 2006) _i107992 _j105 _sn |
||
| 949 |
_bBC _cPS _d202982 _ePS _fv. 105 n. 2 ( 2006) _i107992 _j105 _sn |
||
| 949 |
_bBC _cPS _d202983 _ePS _fv. 105 n. 3 ( 2006) _i107992 _j105 _sn |
||
| 949 |
_bBC _cPS _d202984 _ePS _fv. 106 n. 1 ( 2006) _i107992 _j106 _sn |
||
| 949 |
_bBC _cPS _d202985 _ePS _fv. 106 n. 2 ( 2006) _i107992 _j106 _sn |
||
| 949 |
_bBC _cPS _d202986 _ePS _fv. 106 n. 3 ( 2006) _i107992 _j106 _sn |
||
| 949 |
_bBC _cPS _d202987 _ePS _fv. 107 n. 1 ( 2006) _i107992 _j107 _sn |
||
| 949 |
_bBC _cPS _d202988 _ePS _fv. 107 n. 2 ( 2006) _i107992 _j107 _sn |
||
| 949 |
_bBC _cPS _d202989 _ePS _fv. 107 n. 3 ( 2006) _i107992 _j107 _sn |
||
| 949 |
_bBC _cPS _d202990 _ePS _fv. 108 n. 1 ( 2006) _i107992 _j108 _sn |
||
| 949 |
_bBC _cPS _d202991 _ePS _fv. 108 n. 2 ( 2006) _i107992 _j108 _sn |
||
| 949 |
_bBC _cPS _d202992 _ePS _fv. 108 n. 3 ( 2006) _i107992 _j108 _sn |
||
| 949 |
_bBC _cPS _d202993 _ePS _fv. 109 n. 1 ( 2006) _i107992 _j109 _sn |
||
| 949 |
_bBC _cPS _d202994 _ePS _fv. 109 n. 2 ( 2006) _i107992 _j109 _sn |
||
| 949 |
_bBC _cPS _d202995 _ePS _fv. 109 n. 3 ( 2006) _i107992 _j109 _sn |
||
| 949 |
_bBC _cPS _d202996 _ePS _fv. 110 n. 1 ( 2006) _i107992 _j110 _sn |
||
| 949 |
_bBC _cPS _d202997 _ePS _fv. 110 n. 2 ( 2006) _i107992 _j110 _sn |
||
| 949 |
_bBC _cPS _d202998 _ePS _fv. 110 n. 3 ( 2006) _i107992 _j110 _sn |
||
| 949 |
_bBC _cPS _d202999 _ePS _fv. 111 n. 1 ( 2006) _i107992 _j111 _sn |
||
| 949 |
_bBC _cPS _d203000 _ePS _fv. 111 n. 2 ( 2006) _i107992 _j111 _sn |
||
| 949 |
_bBC _cPS _d203001 _ePS _fv. 111 n. 3 ( 2006) _i107992 _j111 _sn |
||
| 949 |
_bBC _cPS _d203002 _ePS _fv. 112 n. 1 ( 2006) _i107992 _j112 _sn |
||
| 949 |
_bBC _cPS _d203003 _ePS _fv. 112 n. 2 ( 2006) _i107992 _j112 _sn |
||
| 949 |
_bBC _cPS _d203004 _ePS _fv. 112 n. 3 ( 2006) _i107992 _j112 _sn |
||
| 949 |
_bBC _cPS _d203032 _ePS _fv. 113 n. 1 ( 2006) _i107992 _j113 _sn |
||
| 949 |
_bBC _cPS _d203033 _ePS _fv. 113 n. 2 ( 2006) _i107992 _j113 _sn |
||
| 949 |
_bBC _cPS _d203034 _ePS _fv. 113 n. 3 ( 2006) _i107992 _j113 _sn |
||
| 949 |
_bBC _cPS _d203035 _ePS _fv. 114 n. 1 ( 2006) _i107992 _j114 _sn |
||
| 949 |
_bBC _cPS _d203036 _ePS _fv. 114 n. 2 ( 2006) _i107992 _j114 _sn |
||
| 949 |
_bBC _cPS _d203037 _ePS _fv. 114 n. 3 ( 2006) _i107992 _j114 _sn |
||
| 949 |
_bBC _cPS _d203038 _ePS _fv. 115 n. 1 ( 2006) _i107992 _j115 _sn |
||
| 949 |
_bBC _cPS _d203039 _ePS _fv. 115 n. 2 ( 2006) _i107992 _j115 _sn |
||
| 949 |
_bBC _cPS _d203040 _ePS _fv. 115 n. 3 ( 2006) _i107992 _j115 _sn |
||
| 949 |
_bBC _cPS _d203041 _ePS _fv. 116 n. 1 ( 2006) _i107992 _j116 _sn |
||
| 949 |
_bBC _cPS _d203042 _ePS _fv. 116 n. 2 ( 2006) _i107992 _j116 _sn |
||
| 949 |
_bBC _cPS _d203043 _ePS _fv. 116 n. 3 ( 2007) _i107992 _j116 _sn |
||
| 949 |
_bBC _cPS _d203044 _ePS _fv. 117 n. 1 ( 2007) _i107992 _j117 _sn |
||
| 949 |
_bBC _cPS _d203045 _ePS _fv. 117 n. 2 ( 2007) _i107992 _j117 _sn |
||
| 949 |
_bBC _cPS _d203046 _ePS _fv. 117 n. 3 ( 2007) _i107992 _j117 _sn |
||
| 949 |
_bBC _cPS _d203047 _ePS _fv. 118 n. 1 ( 2008) _i107992 _j118 _sn |
||
| 949 |
_bBC _cPS _d203048 _ePS _fv. 118 n. 2 ( 2008) _i107992 _j118 _sn |
||
| 949 |
_bBC _cPS _d203049 _ePS _fv. 119 n. 1 ( 2008) _i107992 _j119 _sn |
||
| 949 |
_bBC _cPS _d203050 _ePS _fv. 119 n. 2 ( 2008) _i107992 _j119 _sn |
||
| 949 |
_bBC _cPS _d203051 _ePS _fv. 119 n. 3 ( 2008) _i107992 _j119 _sn |
||
| 949 |
_bBC _cPS _d203052 _ePS _fv. 118 n. 3 ( 2008) _i107992 _j118 _sn |
||
| 949 |
_bBC _cPS _d203053 _ePS _fv. 122 n. 1 ( 2009) _i107992 _j122 _sn |
||
| 949 |
_bBC _cPS _d203214 _ePS _fv. 120 n. 3 ( 2009) _i107992 _j120 _sn |
||
| 949 |
_bBC _cPS _d203215 _ePS _fv. 121 n. 1 ( 2009) _i107992 _j121 _sn |
||
| 949 |
_bBC _cPS _d203216 _ePS _fv. 121 n. 2 ( 2009) _i107992 _j121 _sn |
||
| 949 |
_bBC _cPS _d203217 _ePS _fv. 120 n. 1 ( 2009) _i107992 _j120 _sn |
||
| 949 |
_bBC _cPS _d203218 _ePS _fv. 121 n. 3 ( 2009) _i107992 _j121 _sn |
||
| 949 |
_bBC _cPS _d203219 _ePS _fv. 122 n. 2 ( 2009) _i107992 _j122 _sn |
||
| 949 |
_bBC _cPS _d203220 _ePS _fv. 120 n. 2 ( 2009) _i107992 _j120 _sn |
||
| 949 |
_bBC _cPS _d203221 _ePS _fv. 122 n. 3 ( 2009) _i107992 _j122 _sn |
||
| 949 |
_bBC _cPS _d203222 _ePS _fv. 123 n. 1 ( 2009) _i107992 _j123 _sn |
||
| 949 |
_bBC _cPS _d203267 _ePS _fv. 123 n. 2 ( 2009) _i107992 _j123 _sn |
||
| 949 |
_bBC _cPS _d203268 _ePS _fv. 123 n. 3 ( 2009) _i107992 _j123 _sn |
||
| 949 |
_bBC _cPS _d203476 _ePS _fv. 124 n. 1 ( 2009) _i107992 _j124 _sn |
||
| 949 |
_bBC _cPS _d203477 _ePS _fv. 124 n. 2 ( 2009) _i107992 _j124 _sn |
||
| 949 |
_bBC _cPS _d203478 _ePS _fv. 124 n. 3 ( 2009) _i107992 _j124 _sn |
||
| 949 |
_bBC _cPS _d203834 _ePS _fv. 125 n. 1 ( 2009) _i107992 _j125 _sn |
||
| 949 |
_bBC _cPS _d203982 _ePS _fv. 125 n. 2 ( 2009) _i107992 _j125 _sn |
||
| 949 |
_bBC _cPS _d203983 _ePS _fv. 125 n. 3 ( 2009) _i107992 _j125 _sn |
||
| 949 |
_bBC _cPS _d204915 _ePS _fv. 126 n. 1 ( 2009) _i107992 _j126 _sn |
||
| 949 |
_bBC _cPS _d204916 _ePS _fv. 126 n. 2 ( 2009) _i107992 _j126 _sn |
||
| 949 |
_bBC _cPS _d204917 _ePS _fv. 126 n. 3 ( 2009) _i107992 _j126 _sn |
||
| 999 |
_c96356 _d96356 |
||